000 00648nam a2200181 a 4500
001 7479
003 CO-ViMGA
008 141112s2004 ck r 000 u spa d
040 _aCO-ViMGA
_bspa
_cCO-ViMGA
082 0 4 _a631.49 Q845
100 1 _aQuintero la Torre, Julio Cesar
_96766
245 1 0 _aQue pasó con la tierra prometida? :
_baspectos históricos de tendencia de la tierra, análisis comparativo de proyectos y leyes de reforma agraria en Colombia (NO ESTA DISPONIBLE)
260 _aBogotá :
_bCinep,
_c1988
300 _a245 p
650 1 4 _aAGRICULTURA COLOMBIANA - HISTORIA
_951601
650 1 4 _aREFORMA AGRARIA
_96767
942 _2ddc
_cBK
999 _c19426
_d19426